| 000 | 01669nam0a22003731 4500 | ||
|---|---|---|---|
| 001 | v19\rc\1757096 | ||
| 005 | 20260607064733.0 | ||
| 035 | _a(NLR Aleph) 004859088 | ||
| 090 |
_a4993409 _c4993409 |
||
| 100 | _a20061204d1903 |||y0rusy50 ca | ||
| 101 | 0 | _arus | |
| 102 | _aRU | ||
| 105 | _aa z ||||| | ||
| 200 | 1 |
_aВраги Христа и его церкви _e(Ирод, Иуда-предатель, Понтий Пилат, Симон Волхв, Нерон, Галерий, Арий ересиарх, Юлиан Отступник, антихрист) _eИх злые деяния и страш. участь |
|
| 210 |
_aМосква _cОтд. тип. т-ва И.Д. Сытина _d1903 |
||
| 215 |
_a178 с. _cил. _d23 |
||
| 300 | _a2-я обл. - литография | ||
| 702 | 0 |
_4570 _7ca _8rus _aИисус Христос _9119452 _3RU\NLR\AUTH\779638 |
|
| 702 | 0 |
_4570 _7ca _8rus _aИрод _cцарь иудейский _dI Великий _f73-4 до н.э. _9120216 _3RU\NLR\AUTH\7710439 |
|
| 702 | 0 |
_4570 _8rus _7ca _aПонтий Пилат _f1 в. _3RU\NLR\AUTH\7712634 _9122345 |
|
| 702 | 0 |
_aГалерий _cрим. имп. _f242-311 _4570 |
|
| 702 | 0 |
_aАрий _f256-336 _4570 |
|
| 702 | 0 |
_4570 _8rus _7ca _aЮлиан Отступник _cимператор римский _f331-363 _3RU\NLR\AUTH\7712635 _9122346 |
|
| 702 | 0 |
_4570 _7ca _8rus _aСимон _cмаг _949017 _3RU\NLR\AUTH\7766088 |
|
| 801 | 0 |
_aRU _bNLR _gpsbo |
|
| 801 | 0 |
_aRU _bRuMoRGB _2psbo |
|
| 801 | 1 |
_aRU _bProSoft-M _2rusmarc |
|
| 852 |
_aNLR _j38.66.6.24 |
||
| 899 |
_aRuMoRGB _jE 59/126 |
||
| 899 |
_aRuMoRGB _jРб 35/231 |
||
| 899 | _aБАН | ||
| 942 | _cBOOK | ||
| 980 | _aNB | ||